000 00370nam a22001217a 4500
020 _a9787108029522
082 _a895.108
_bZHA
245 _aDialogue, the Age of Enlightenment (Chinese Edition) /
_cZhang Xu Dong
260 _aBeijing :
_blife SDX Joint Publishing,
_c2008.
300 _a213 p. ;
_c20 cm.
880 _6245-02\r
_a对话,启蒙时代 /
942 _2ddc
_cBK
999 _c591761
_d591761